Morningstar funds 500 : Annual sourcebook 2004 edition
In this completely new reference guide, you’ll find the best information and independent opinion available on 500 of the largest and most popular mutual funds—the very funds you likely own. Morningstar’s Fund Reports are the industry standard and are trusted by financial professionals nationwide. An...
Wedi'i Gadw mewn:
| Prif Awdur: | |
|---|---|
| Fformat: | Llyfr |
| Iaith: | Undetermined |
| Cyhoeddwyd: |
Chicago
Morningstar
2002
|
| Pynciau: | |
| Tagiau: |
Ychwanegu Tag
Dim Tagiau, Byddwch y cyntaf i dagio'r cofnod hwn!
|
| Thư viện lưu trữ: | Trung tâm Học liệu Trường Đại học Cần Thơ |
|---|
| LEADER | 01091nam a2200229Ia 4500 | ||
|---|---|---|---|
| 001 | CTU_113283 | ||
| 008 | 210402s9999 xx 000 0 und d | ||
| 082 | |a 332.6327 | ||
| 082 | |b B479 | ||
| 100 | |a Benz, Christine | ||
| 245 | 0 | |a Morningstar funds 500 : | |
| 245 | 0 | |b Annual sourcebook 2004 edition | |
| 245 | 0 | |c Christine Benz | |
| 260 | |a Chicago | ||
| 260 | |b Morningstar | ||
| 260 | |c 2002 | ||
| 520 | |a In this completely new reference guide, you’ll find the best information and independent opinion available on 500 of the largest and most popular mutual funds—the very funds you likely own. Morningstar’s Fund Reports are the industry standard and are trusted by financial professionals nationwide. And now, you get this exclusive and valuable guidance all year long, with access to fifty free fund reports during any time in 2004. Choose from 2,000 funds. | ||
| 650 | |a Mutual funds,Mutual funds | ||
| 650 | |x Statistics,Periodicals,Directories | ||
| 650 | |z United States,United States | ||
| 904 | |i Giang | ||
| 980 | |a Trung tâm Học liệu Trường Đại học Cần Thơ | ||